Statistics for Biggest City in Each US State by Letter - D

Click here to take the quiz!

General Stats

  • This quiz has been taken 111 times
  • The average score is 15 of 48

Answer Stats

StatePopulationCity% Correct
Oregon16,854Dallas
99%
Texas1,304,379Dallas
99%
Colorado715,522Denver
98%
Michigan639,111Detroit
96%
Iowa214,133Des Moines
94%
Washington32,888Des Moines
94%
Ohio137,644Dayton
89%
North Carolina283,506Durham
86%
Minnesota86,697Duluth
73%
New Hampshire34,317Derry
70%
Delaware39,403Dover
69%
New Jersey18,456Dover
69%
Connecticut86,518Danbury
40%
Illinois70,522Decatur
37%
Kansas27,788Dodge City
31%
Kentucky17,234Danville
29%
Virginia42,590Danville
29%
Alabama71,072Dothan
27%
Florida93,692Deltona
25%
Arizona16,534Douglas
24%
Wyoming6,386Douglas
24%
California114,355Downey
24%
North Dakota25,679Dickinson
21%
Vermont4,579Derby
13%
Utah51,017Draper
13%
Georgia51,683Dunwoody
13%
Massachusetts33,783Dartmouth
12%
South Carolina6,384Dillon
12%
Montana3,880Dillon
12%
New Mexico14,758Deming
11%
Wisconsin25,410De Pere
11%
Alaska2,249Dillingham
11%
Indiana16,517Dyer
11%
Oklahoma22,692Duncan
10%
Tennessee16,164Dyersburg
7%
West Virginia7,480Dunbar
6%
Nebraska2,995David City
5%
Arkansas6,105De Queen
5%
Louisiana9,852DeRidder
5%
Mississippi12,721D'Iberville
5%
South Dakota3,931Dell Rapids
4%
New York15,178Depew
4%
Hawaii1,171Discovery Harbour
4%
Pennsylvania14,042Dunmore
4%
Idaho2,537Dalton Gardens
2%
Missouri12,743Dardenne Prairie
2%
Maryland5,959District Heights
2%
Maine4,422Dover-Foxcroft
2%

Score Distribution

Percentile by Number Answered

Percent of People with Each Score

Your Score History

You have not taken this quiz